| 000 | 00569cab a2200205 4500 | ||
|---|---|---|---|
| 001 | ABS42573 | ||
| 008 | 090401t1990 xxu||||| |||| 00| 0 eng d | ||
| 035 | _a(Sirsi) u37652 | ||
| 041 | _aeng | ||
| 100 | _aMorrison, D. | ||
| 245 | _aJapanese dominate foreign investment | ||
| 260 | _c1990 | ||
| 350 | _a0 | ||
| 490 |
_aWorld Property _vApril 1990, 43-46(4) |
||
| 520 | _aLooks at foreign investment in Singapore , which is dominated again by the Japan ese. | ||
| 650 | _aPROPERTY | ||
| 690 | _aOVERSEAS-REST OF THE WORLD | ||
| 942 | _n0 | ||
| 948 | _c04/03/1997 | ||
| 999 |
_c24276 _d24276 |
||